000 00712nam a2200217 a 4500
005 20260320064146.0
008 070822s2002 mx r 000 0 spa d
020 _a9871004133
035 _aUPN01000151245
049 _aCG
050 4 _aP96 T4.2
_bP5.5
100 1 _aPiscitelli, Alejandro
245 1 0 _aMeta-cultura :
_bel eclipse de los medios masivos en la era de internet /
_cAlejandro Piscitelli.
260 _aBuenos Aires :
_bLa Crujía,
_c2002.
300 _a271 p.
440 0 _aInclusiones.
_pCategorias
650 4 _aMedios masivos de comunicación y tecnología
_9316
650 2 _aWorld Wide Web (Sistema de recuperación de información)
_912328
650 4 _aInternet
_9547
905 _aLibro
999 _c123383
_d123383